-
CHARLES T. HORNGRAN AND OTHERS
Entry Personal Name
Number of records used in: 1
001 - CONTROL NUMBER
003 - CONTROL NUMBER IDENTIFIER
005 - DATE AND TIME OF LATEST TRANSACTION
- control field:
20180712112000.0
008 - FIXED-LENGTH DATA ELEMENTS
- fixed length control field:
180712|| aca||aabn | a|a d
040 ## - CATALOGING SOURCE
- Original cataloging agency:
OSt
- Transcribing agency:
OSt
100 ## - HEADING--PERSONAL NAME
- Personal name:
CHARLES T. HORNGRAN AND OTHERS
670 ## - SOURCE DATA FOUND
- Source citation:
Work cat.: (OSt)1752: CHARLES T. HORNGRAN AND OTHERS, Introduction to Management Accounting